Using People Skills : (Record no. 9537)

MARC details
000 -LEADER
fixed length control field 00742nac a22002171u 4500
020 ## - INTERNATIONAL STANDARD BOOK NUMBER
International Standard Book Number 074942575x
082 ## - DEWEY DECIMAL CLASSIFICATION NUMBER
Classification number 658.312404
Item number RAE
090 ## - LOCALLY ASSIGNED LC-TYPE CALL NUMBER (OCLC); LOCAL CALL NUMBER (OCLC)
-- 9537
-- 9537
100 ## - MAIN ENTRY--PERSONAL NAME
Personal name Rae, Leslie.
245 ## - TITLE STATEMENT
Title Using People Skills :
Remainder of title In training and Development /
Statement of responsibility, etc Leslie Rae.
260 ## - PUBLICATION, DISTRIBUTION, ETC. (IMPRINT)
Place of publication, distribution, etc London:
Name of publisher, distributor, etc Kogan Page,c.1998.
Date of publication, distribution, etc c.1998.
300 ## - PHYSICAL DESCRIPTION
Extent 243p;
Dimensions 20cm.
500 ## - GENERAL NOTE
General note Distributer: Al-Ahram.
511 ## - PARTICIPANT OR PERFORMER NOTE
Participant or performer note Catalogued By; Mahitab.
650 ## - SUBJECT ADDED ENTRY--TOPICAL TERM
Topical term or geographic name as entry element Active learning.
650 ## - SUBJECT ADDED ENTRY--TOPICAL TERM
Topical term or geographic name as entry element Adult learning.
650 ## - SUBJECT ADDED ENTRY--TOPICAL TERM
Topical term or geographic name as entry element Experiential learning.
650 ## - SUBJECT ADDED ENTRY--TOPICAL TERM
Topical term or geographic name as entry element Personnel Training
942 ## - ADDED ENTRY ELEMENTS (KOHA)
Item type Book - Borrowing
Call number prefix 658.312404RAE
Holdings
Withdrawn status Item status Damaged status Not for loan Home library Current library Shelving location Date acquired Source of acquisition Total Checkouts Total Renewals Full call number Barcode Date last seen Date last borrowed Cost, replacement price Koha item type
        Central Library Central Library First floor 20/05/2008 Purchase 8 12 658.312404RAE 000011404 15/07/2025 06/12/2016 143.00 Book - Borrowing